Pokemon commençant par la lettre T - Gen 1 à 9 - Statistiques

Statistiques générales
  • Ce quiz a été pris 31 fois
  • Le résultat moyen est 37 sur 67
Statistiques - réponses
Réponse % Correct
Torterra
85%
Tortipouss
85%
Tarsal
78%
Tentacool
78%
Tentacruel
78%
Tyranocif
78%
Tarpaud
74%
Trioxhydre
74%
Tartard
70%
Têtarte
70%
Triopikeau
70%
Tarinor
67%
Tarinorme
67%
Taupiqueur
67%
Terracruel
67%
Tiplouf
67%
Togekiss
67%
Togepi
67%
Togetic
67%
Tortank
67%
Tutafeh
67%
Tutankafer
67%
Terracool
63%
Tic
63%
Torgamord
63%
Typhlosion
63%
Ténéfix
59%
Tengalice
59%
Tiboudet
59%
Tokopisco
59%
Tokorico
59%
Tropius
59%
Tutétékri
59%
Tarenbulle
56%
Taupikeau
56%
Togedemaru
56%
Tokopiyon
56%
Tokotoro
56%
Triopikeur
56%
Tauros
52%
Tygnon
52%
Tadmorv
48%
Téraclope
48%
Toudoudou
48%
Tritonde
48%
Tritosor
48%
Tylton
48%
Terhal
44%
Tissenboule
44%
Tomberro
44%
Toutombe
44%
Tag-tag
41%
Tapatoes
41%
Terraiste
41%
Terrakium
41%
Tritox
41%
Trousselin
41%
Théffroi
37%
Tournegrin
37%
Teddiursa
33%
Têteampoule
33%
Têtes-de-Fer
33%
Trompignon
33%
Toxizap
30%
Tranchodon
30%
Trépassable
30%
Tournicoton
19%
Aucun quiz correspondant
Distribution des résultats
% des personnes avec chaque résultat
Percentile par nombre de réponses
Votre historique - résultats
Vous n’avez pas pris ce quiz